Sociology (Record no. 34103)

MARC details
000 -LEADER
fixed length control field 00249nam a2200109Ia 4500
082 ## - DEWEY DECIMAL CLASSIFICATION NUMBER
Classification number 301
Item number KOE
100 ## - MAIN ENTRY--AUTHOR NAME
Personal name Koenig, S
245 #0 - TITLE STATEMENT
Title Sociology
260 ## - PUBLICATION, DISTRIBUTION, ETC. (IMPRINT)
Place of publication New York
Name of publisher Harper & Row
Year of publication 1957
942 ## - ADDED ENTRY ELEMENTS (KOHA)
Koha item type Books
Holdings
Withdrawn status Lost status Damaged status Not for loan Home library Current library Date acquired Cost, normal purchase price Full call number Accession Number Koha item type
        RRII Library RRII Library 16/12/2021 3.95 301 KOE 14543 Books